100 Most Popular Songs of All Time - Statistics

General Stats
  • This quiz has been taken 422 times
  • The average score is 37 of 100
Answer Stats
Year Artist Song % Correct
1975 Queen Bohemian Rhapsody
77%
2013 Pharrell Williams Happy
72%
1976 ABBA Dancing Queen
67%
2011 Carly Rae Jepsen Call Me Maybe
63%
1997 AQUA Barbie Girl
61%
1983 Michael Jackson Thriller
60%
2004 Britney Spears Toxic
58%
2008 Lady Gaga Poker Face
57%
1982 Toto Africa
56%
1983 Michael Jackson Billie Jean
54%
1997 Celine Dion My Heart Will Go On
54%
1987 Michael Jackson Bad
52%
2006 Shakira & Wyclef Jean Hips Don't Lie
52%
1996 Spice Girls Wannabe
50%
1992 Whitney Houston I Will Always Love You
49%
2000 Britney Spears Oops!...I Did it Again
48%
2010 Adele Rolling in the Deep
48%
2015 Wiz Khalifa & Charlie Puth See You Again
48%
2013 Avicii & Aloe Blacc Wake Me Up
47%
1995 Oasis Wonderwall
47%
2012 PSY Gangnam Style
46%
2019 The Weeknd Blinding Lights
45%
1977 Eagles Hotel California
45%
2007 Rihanna & Jay-Z Umbrella
44%
2003 50 Cent In Da Club
43%
1987 Rick Astley Never Gonna Give You Up
43%
2003 Outkast Hey Ya!
42%
2002 Eminem Lose Yourself
41%
1991 Nirvana Smells Like Teen Spirit
41%
1985 A-ha Take on Me
41%
1981 Queen & David Bowie Under Pressure
41%
2014 Mark Ronson & Bruno Mars Uptown Funk
41%
1968 The Beatles Hey Jude
40%
1975 ABBA Mamma Mia
40%
1978 Village People Y.M.C.A
40%
1983 Michael Jackson Beat It
39%
1977 Queen We Are the Champions
39%
1977 Queen We Will Rock You
39%
1985 Tears for Fears Everybody Wants to Rule the World
38%
1957 Elvis Presley Jailhouse Rock
38%
1998 Britney Spears ...Baby One More Time
37%
1978 Gloria Gaynor I Will Survive
37%
2003 The Killers Mr. Brightside
37%
1988 Guns N' Roses Sweet Child O' Mine
37%
1981 Journey Don't Stop Believin'
36%
1983 Cyndi Lauper Girls Just Want to Have Fun
36%
1979 AC/DC Highway to Hell
36%
2008 Coldplay Viva La Vida
36%
2009 Lady Gaga Bad Romance
35%
1983 The Police Every Breath You Take
35%
2001 Linkin Park In the End
35%
1999 Backstreet Boys I Want it that Way
35%
2003 The White Stripes Seven Nation Army
35%
1971 Led Zeppelin Stairway to Heaven
35%
1980 AC/DC Back in Black
34%
1970 The Beatles Let it Be
34%
1974 Lynyrd Skynyrd Sweet Home Alabama
34%
2010 Shakira Waka Waka (This Time For Africa)
34%
1999 Smash Mouth All Star
33%
2003 Beyonce & Jay-Z Crazy in Love
33%
2011 Gotye & Kimbra Somebody that I Used to Know
33%
1977 Bee Gees Stayin' Alive
33%
2000 Eminem The Real Slim Shady
33%
1982 Survivor Eye of the Tiger
32%
1984 George Michael Careless Whisper
31%
1995 Coolio & L.V. Gangsta's Paradise
31%
1986 Bon Jovi Livin' On a Prayer
31%
2003 Linkin Park Numb
31%
1987 Guns N' Roses Welcome To the Jungle
31%
1969 Neil Diamond Sweet Caroline
30%
1986 Europe The Final Countdown
30%
1967 Louis Armstrong What a Wonderful World
30%
2004 Green Day Boulevard of Broken Dreams
29%
1979 Pink Floyd Another Brick in the Wall, Part II
28%
1980 Queen Another One Bites the Dust
28%
2013 Daft Punk, Pharrell Williams & Nile Rodgers Get Lucky
28%
1964 The Animals House of the Rising Sun
28%
1987 Whitney Houston I Wanna Dance With Somebody
28%
1990 AC/DC Thunderstruck
28%
1969 The Jackson 5 I Want You Back
27%
1988 Michael Jackson Smooth Criminal
27%
1973 Aerosmith Dream On
26%
1978 Boney M. Rasputin
26%
2002 Eminem Without Me
26%
2009 Black Eyed Peas I Gotta Feeling
25%
1995 Los Del Rio Macarena
25%
1984 Wham! Wake Me Up Before You Go-Go
25%
1993 Haddaway What is Love
25%
1979 Queen Don't Stop Me Now
24%
1984 Ray Parker Jr. Ghostbusters
23%
1971 John Denver Take Me Home, Country Roads
22%
1999 Dr. Dre & Snoop Dog Still D.R.E.
21%
1983 Elton John I'm Still Standing
20%
1983 Eurythmics Sweet Dreams (Are Made of This)
19%
1969 The Beatles Here Comes the Sun
18%
1984 Queen I Want to Break Free
16%
2000 Dr. Dre & Snoop Dog The Next Episode
15%
1990 MC Hammer U Can't Touch This
15%
1979 ABBA Gimme! Gimme! Gimme! (A Man After Midnight)
12%
1998 Eiffel 65 Blue (Da Ba Dee)
10%
No matching quizzes found
Score Distribution
Percent of People with Each Score
Percentile by Number Answered
Your Score History
You have not taken this quiz